Study guide to accompany Personal finance

Αποθηκεύτηκε σε:
Λεπτομέρειες βιβλιογραφικής εγγραφής
Κύριος συγγραφέας: Rosefsky, Robert S
Μορφή: Βιβλίο
Έκδοση: John Wiley and Sons 1999
Ετικέτες: Προσθήκη ετικέτας
Δεν υπάρχουν, Καταχωρήστε ετικέτα πρώτοι!
Thư viện lưu trữ: Mạng thư viện Đại học Đà Nẵng
LEADER 00545nam a2200217 a 4500
001 000029407
003 9688
005 20171030145630.0
008 171030s1999
040 |a LTT 
082 0 |a 332.02  |b RO-R 
100 1 |a Rosefsky, Robert S 
245 0 0 |a Study guide to accompany Personal finance  |c Robert S. Rosefsky. 
260 |b John Wiley and Sons  |c 1999 
OWN |a LTT 
999 |a From the UDN01 
TYP |a Monograph 
TYP |a Printed language 
980 |a Mạng thư viện Đại học Đà Nẵng